Turismo rural comunitario, iniciativa diferenciada en Costa Rica /
Salvato in:
| Autore principale: | |
|---|---|
| Natura: | testo |
| Tags: |
Aggiungi Tag
Nessun Tag, puoi essere il primo ad aggiungerne!!
|
MARC
| LEADER | 00000 a a2200000 04500 | ||
|---|---|---|---|
| 001 | 44903 | ||
| 003 | |||
| 040 | |||
| 100 | |a Solano Pacheco, Leyla | ||
| 245 | |a Turismo rural comunitario, iniciativa diferenciada en Costa Rica / |c Leyla Solano Pacheco | ||
| 773 | |g número135 (2008), páginas 10-15 : fotos | ||
| 999 | |c 39224 |d 39224 | ||
